Phase Diagram of the System KCl-KBF4-K2TiF6

Podrobná bibliografia
Hlavní autori: Chrenková, M. (Autor), Patarák, O. (Autor), Daněk, Vladimír, 1940-2005 (Autor)
Médium: Článok
Jazyk:slovenčina
angličtina
ISSN:0366-6352
Predmet:

MARC

LEADER 00000nab a2200000 a 4500
001 vtls000592021
003 SK-MaSNL
005 20260304100033.0
008 250425c1995 xo 0 slo
015 |a SNBRB19rr/mm-uuuuu 
035 |a CL0592160 
035 |a urn:nbn:sk:snk-ab7hrq 
035 |a (urnnbn)urn:nbn:sk:snk:ar-005t4o 
035 |a (uuid)48f23e5a-fbf8-45ab-92b3-e899da21f7c7 
040 |a SNKBUCL  |b slo  |c SNKBUCL  |e AACR2 
041 0 |a eng 
044 |a xo  |c SK 
080 |a 54-143:541.123.4:546.32:546.27:546.32  |2 1981 
080 |a 541.123.4  |2 1981 
080 |a 546.32  |2 1981 
080 |a 546.27  |2 1981 
100 1 |a Chrenková, M.  |4 aut  |9 822551 
245 1 0 |a Phase Diagram of the System KCl-KBF4-K2TiF6  |c M. Chrenková, O. Patarák, V. Daněk 
650 0 7 |a systémy chemické  |2 snkbucl  |9 969541 
655 7 |a články z novín a časopisov  |2 snkbucl  |9 267496 
700 1 |a Patarák, O.  |4 aut  |9 1217740 
700 1 |a Daněk, Vladimír,  |d 1940-2005  |4 aut  |9 39802 
773 0 |t Chemical papers. Chemické zvesti  |g Roč. 49, č. 4 (1995), s. 167-172  |x 0366-6352 
850 |a Slovenská národná knižnica 
852 |a Slovenská národná knižnica 
954 |a odborná, vedecká literatúra pôvodná (slovenská)  |2 lita 
958 |a article7 
958 |a OND 
958 |a NB 
958 |a RK 
958 |a EUIPO 
992 |a RBX 
999 |c 2835539  |d 2837469